| 000 | 00364nam a2200145Ia 4500 | ||
|---|---|---|---|
| 008 | 230711s9999||||xx |||||||||||||| ||und|| | ||
| 041 | _aENG | ||
| 082 |
_a621 _bIC-P |
||
| 100 | _aInstitute of Civil Engineers | ||
| 245 | 0 | _aPort engineering and operation | |
| 250 | _a1st | ||
| 260 |
_c1985 _aLondon _bThomas Telford |
||
| 650 | _aGENERAL ENGINEERING | ||
| 942 | _cBK | ||
| 999 |
_c1100 _d1100 |
||